01695nam a2200385Ia 4500001001200000003000800012006001900020007001500039008004100054010001700095020003900112020003600151040002100187035002100208050002500229100002600254245015600280250001200436260004800448300001600496490002700512504006600539533015200605650007400757650006300831650006200894650002800956650002500984650005001009650005001059655002901109710001701138830002801155856012601183ebr10273744CaPaEBRm u cr cn|||||||||080423s2008 txu sb 001 0 eng d z 2008018453 z9780292718845 (cloth : alk. paper) z0292718845 (cloth : alk. paper) aCaPaEBRcCaPaEBR a(OCoLC)64679357514aPS153.M4bS36 2008eb1 aSandoval, Anna Marie.10aToward a Latina feminism of the Americash[electronic resource] :brepression and resistance in Chicana and Mexicana literature /cAnna Marie Sandoval. a1st ed. aAustin :bUniversity of Texas Press,c2008. axvi, 129 p.1 aChicana matters series aIncludes bibliographical references (p. [109]-122) and index. aElectronic reproduction.bPalo Alto, Calif. :cebrary,d2011.nAvailable via World Wide Web.nAccess may be limited to ebrary affiliated libraries. 0aAmerican literaturexMexican American authorsxHistory and criticism. 0aAmerican literaturexWomen authorsxHistory and criticism. 0aMexican literaturexWomen authorsxHistory and criticism. 0aFeminism in literature. 0aWomen in literature. 0aComparative literaturexAmerican and Mexican. 0aComparative literaturexMexican and American. 7aElectronic books.2local2 aebrary, Inc. 0aChicana matters series.40uhttp://site.ebrary.com/lib/rucke/Doc?id=10273744zAn electronic book accessible through the World Wide Web; click to view